<?xml version="1.0" encoding="UTF-8"?>
<record
    xmlns:xsi="http://www.w3.org/2001/XMLSchema-instance"
    xsi:schemaLocation="http://www.loc.gov/MARC21/slim http://www.loc.gov/standards/marcxml/schema/MARC21slim.xsd"
    xmlns="http://www.loc.gov/MARC21/slim">

  <leader>01494nam a2200205 a 4500</leader>
  <controlfield tag="008">171114e2016    ag ||||| |||| 00| f spa d</controlfield>
  <datafield tag="020" ind1=" " ind2=" ">
    <subfield code="a">9789506443672</subfield>
  </datafield>
  <datafield tag="041" ind1=" " ind2=" ">
    <subfield code="a">spa</subfield>
  </datafield>
  <datafield tag="092" ind1=" " ind2=" ">
    <subfield code="c">808</subfield>
    <subfield code="l">8</subfield>
    <subfield code="s">BOR</subfield>
  </datafield>
  <datafield tag="100" ind1="1" ind2=" ">
    <subfield code="a">Border, Maria</subfield>
    <subfield code="9">3379</subfield>
  </datafield>
  <datafield tag="245" ind1=" " ind2=" ">
    <subfield code="a">Siete motivos para no quererte /</subfield>
    <subfield code="c">Maria Border</subfield>
  </datafield>
  <datafield tag="250" ind1=" " ind2=" ">
    <subfield code="a">1a ed.</subfield>
  </datafield>
  <datafield tag="260" ind1=" " ind2=" ">
    <subfield code="a">Buenos Aires:</subfield>
    <subfield code="b">Plaza &amp; Janes;</subfield>
    <subfield code="c">2016.</subfield>
  </datafield>
  <datafield tag="300" ind1=" " ind2=" ">
    <subfield code="a">278 p.</subfield>
  </datafield>
  <datafield tag="500" ind1=" " ind2=" ">
    <subfield code="a">Border, M. (2016). Siete motivos para no quererte. (1a ed.). Buenos Aires : Plaza &amp; Janes.</subfield>
  </datafield>
  <datafield tag="505" ind1=" " ind2=" ">
    <subfield code="a">Un hombre dispuesto a todo con tal de vengarse. Una mujer envuelta en una trama que podr&#xED;a destruirla. Siete motivos para que sea imposible. Siete razones para revertir. Siete besos hacia la esperanza. Ella es una fot&#xF3;grafa profesional, amante de las causas nobles. &#xC9;l, un empresario que quiere vengas el destino de su padre. En bancarrota y responsable de la inmobiliaria que hered&#xF3;, Gabriela acepta la oferta de Adri&#xE1;n para cubrir sus deudas. pero desde el comienzo comprende que deber&#xE1; saldar el pr&#xE9;stamo con intereses. Obsesionado con su venganza, la toma como &#xFA;nico blanco de su odio, oblig&#xE1;ndola a trabajar para su empresa, someti&#xE9;ndola a una y mil humillaciones. Sin embargo, el contacto cotidiano los enfrentar&#xE1; a un sentimiento que desconoc&#xED;an y nacer&#xE1; entre ellos un amor inesperado. &#xBF;Podr&#xE1; &#xE9;l dejar atr&#xE1;s su rencor? &#xBF;Podr&#xE1; ella perdonar su hostilidad?</subfield>
  </datafield>
  <datafield tag="590" ind1=" " ind2=" ">
    <subfield code="a">DONACION VERONICA ARIAS NOV/2017</subfield>
  </datafield>
  <datafield tag="655" ind1=" " ind2=" ">
    <subfield code="a">Literatura</subfield>
    <subfield code="9">2917</subfield>
  </datafield>
  <datafield tag="942" ind1=" " ind2=" ">
    <subfield code="2">ddc</subfield>
    <subfield code="c">LIT</subfield>
  </datafield>
  <datafield tag="999" ind1=" " ind2=" ">
    <subfield code="c">2579</subfield>
    <subfield code="d">2579</subfield>
  </datafield>
  <datafield tag="952" ind1=" " ind2=" ">
    <subfield code="0">0</subfield>
    <subfield code="1">0</subfield>
    <subfield code="2">ddc</subfield>
    <subfield code="4">0</subfield>
    <subfield code="7">0</subfield>
    <subfield code="a">BFM</subfield>
    <subfield code="b">BFM</subfield>
    <subfield code="c">CR</subfield>
    <subfield code="d">2017-11-14</subfield>
    <subfield code="e">Donacion </subfield>
    <subfield code="l">0</subfield>
    <subfield code="o">808;8;BOR</subfield>
    <subfield code="p">4042</subfield>
    <subfield code="r">2017-11-14</subfield>
    <subfield code="t">Ej. 1</subfield>
    <subfield code="w">2017-11-14</subfield>
    <subfield code="y">LIT</subfield>
    <subfield code="z">DONACION VERONICA ARIAS NOV/2017</subfield>
  </datafield>
</record>
